BIBLIOTECA PODER JUDICIAL
Portal Judicial TDF

Influencers y las apuestas ilegales en línea / (Registro nro. 5626)

000 -LEADER
fixed length control field 01439nab a22002897a 4500
003 - CONTROL NUMBER IDENTIFIER
control field OSt
005 - DATE AND TIME OF LATEST TRANSACTION
control field 20251222234846.0
008 - FIXED-LENGTH DATA ELEMENTS--GENERAL INFORMATION
fixed length control field 190429b xxu||||| |||| 00| 0 spa d
040 ## - CATALOGING SOURCE
Transcribing agency PJ
100 ## - MAIN ENTRY--PERSONAL NAME
9 (RLIN) 4594
Personal name Ariza Clerici, Rodolfo
245 10 - TITLE STATEMENT
Title Influencers y las apuestas ilegales en línea /
Statement of responsibility, etc Rodolfo Ariza Clerici, Maximiliano Ruiz.
260 ## - PUBLICATION, DISTRIBUTION, ETC. (IMPRINT)
Date of publication, distribution, etc Ciudad Autónoma de Buenos Aires :
Place of publication, distribution, etc Thomson Reuters La Ley,
Name of publisher, distributor, etc 2025.
300 ## - PHYSICAL DESCRIPTION
Extent p. 145-158
500 ## - GENERAL NOTE
General note Cita: TR LALEY AR/DOC/2841/2025.
505 ## - FORMATTED CONTENTS NOTE
Formatted contents note Sumario: I. Introducción.— II. Influencer. Definiciones. Caracteres. Clasificaciones.— III. Influencers en el derecho penal.— IV. Influencers en los juegos de azar en línea ilegal.— V. Primeras notas sobre la responsabilidad del influencer. — VI. Notas finales: entre riesgos emergentes y retos de regulación jurídica.
505 ## - FORMATTED CONTENTS NOTE
Title Si te interesa el texto completo, solicitalo a koha@justierradelfuego.gov.ar
650 #0 - SUBJECT ADDED ENTRY--TOPICAL TERM
9 (RLIN) 343
Topical term or geographic name as entry element DERECHO PENAL
650 #0 - SUBJECT ADDED ENTRY--TOPICAL TERM
9 (RLIN) 278
Topical term or geographic name as entry element DELITOS INFORMATICOS
650 #0 - SUBJECT ADDED ENTRY--TOPICAL TERM
9 (RLIN) 4498
Topical term or geographic name as entry element JUEGOS DE AZAR
650 #0 - SUBJECT ADDED ENTRY--TOPICAL TERM
9 (RLIN) 281
Topical term or geographic name as entry element INTERNET
650 #0 - SUBJECT ADDED ENTRY--TOPICAL TERM
9 (RLIN) 2608
Topical term or geographic name as entry element DERECHOS DEL CONSUMIDOR
650 #0 - SUBJECT ADDED ENTRY--TOPICAL TERM
9 (RLIN) 2758
Topical term or geographic name as entry element ASOCIACIÓN ILÍCITA
650 #0 - SUBJECT ADDED ENTRY--TOPICAL TERM
9 (RLIN) 652
Topical term or geographic name as entry element PUBLICIDAD COMERCIAL
650 #0 - SUBJECT ADDED ENTRY--TOPICAL TERM
9 (RLIN) 3064
Topical term or geographic name as entry element LAVADO DE ACTIVOS
773 0# - HOST ITEM ENTRY
Host Biblionumber 2658
Host Itemnumber 3164
Title Revista de derecho penal y criminología. Nº 11 - Diciembre 2025
Place, publisher, and date of publication Ciudad Autónoma de Buenos Aires : Thomson Reuters La Ley, 2017-
International Standard Serial Number 00347914
942 ## - ADDED ENTRY ELEMENTS (KOHA)
Source of classification or shelving scheme
Koha item type Analítica Artículo de Revista

No hay ítems disponibles.

12 de Octubre 789 Ushuaia - Tel:  54(02901)441571
Horario de Atención: 8.00 a 17.00 hs. 
bibliotecaush@justierradelfuego.gov.ar
koha@justierradelfuego.gov.ar
Seguinos en nuestras redes @bibliojustdf 

Con tecnología Koha